Studien zur Geschichte des englischen Pronomens im xv. und xvi. Jahrhundert. (Record no. 23820)

MARC details
000 -LEADER
fixed length control field 00735cam a22002291 4500
001 - CONTROL NUMBER
control field g 01001717
003 - CONTROL NUMBER IDENTIFIER
control field DLC
005 - DATE AND TIME OF LATEST TRANSACTION
control field 20260227111255.0
008 - FIXED-LENGTH DATA ELEMENTS--GENERAL INFORMATION
fixed length control field 780829s1897 xx b 001 0 ger
010 ## - LIBRARY OF CONGRESS CONTROL NUMBER
LC control number g 01001717
035 ## - SYSTEM CONTROL NUMBER
System control number (OCoLC)4174494
040 ## - CATALOGING SOURCE
Original cataloging agency DLC
Transcribing agency OClW
Modifying agency DLC
042 ## - AUTHENTICATION CODE
Authentication code premarc
050 00 - LIBRARY OF CONGRESS CALL NUMBER
Classification number PE25
Item number .S8 Hft. 1
100 1# - MAIN ENTRY--PERSONAL NAME
Personal name Spies, Heinrich,
Dates associated with a name 1873-
245 10 - TITLE STATEMENT
Title Studien zur Geschichte des englischen Pronomens im xv. und xvi. Jahrhundert.
Remainder of title (Flexionslehre und Syntax.)
Statement of responsibility, etc. Von Heinrich Spies.
260 ## - PUBLICATION, DISTRIBUTION, ETC.
Place of publication, distribution, etc. Halle,
Name of publisher, distributor, etc. M. Niemeyer,
Date of publication, distribution, etc. 1897.
300 ## - PHYSICAL DESCRIPTION
Extent xix, 311 p.
Dimensions 23 cm.
440 #0 - SERIES STATEMENT/ADDED ENTRY--TITLE
Title Studien zur englischen philologie ...
Volume/sequential designation Hft.1
504 ## - BIBLIOGRAPHY, ETC. NOTE
Bibliography, etc. note Bibliography: p.[xi]-xii.
650 #0 - SUBJECT ADDED ENTRY--TOPICAL TERM
Topical term or geographic name entry element English language
General subdivision Pronoun.

No items available.

Powered by Koha